| 000 | 00694nam a2200265 a 4500 | ||
|---|---|---|---|
| 003 | AR-BaBNM | ||
| 005 | 20251128210430.0 | ||
| 008 | 082120s2002 ||||||||||||||000 | spa|| | ||
| 020 | _a84-7635-120-8 | ||
| 040 | _cAR-BaBNM | ||
| 100 | 1 | _aGonzález Calvo, José Manuel | |
| 245 | 0 | 0 | _aLa oración simple |
| 250 | _a3ª ed. | ||
| 260 |
_aMadrid _bArco Libros _c1998 |
||
| 300 | _a79 p. | ||
| 490 | 0 |
_aCuadernos de lengua española _vv. 7 |
|
| 500 | _aContiene referencias bibliográficas | ||
| 650 | 4 | _aGRAMATICA ESTRUCTURAL | |
| 650 | 4 | _aSINTAXIS | |
| 650 | 4 | _aSEMANTICA | |
| 650 | 4 | _aESPAÑOL | |
| 800 | 1 |
_aGómez Torrego, Leonardo _edirector |
|
| 942 | _cBK | ||
| 998 | _cMARTIN | ||
| 999 |
_c15459 _d15459 |
||